LEADER 01320naa a2200253 u 4500 001 000000100053 003 CaOOAMICUS 005 20070226130201.0 008 051014s1993 it u000 u ita u 020 $a8815041508 035 $a11063952 040 $aIAR$bita 100 1 $aZambelli, Paola.$0(OLS)http://pul/name/38098 245 10$aAstrologi consiglieri del principe a Wittenberg /$cPaola Zambelli. 260 $aBologna :$bIl Mulino,$c1993. 300 $aS. 497-544 ;$c24 cm 650 4$aAstrologia$zGermania$xSec. XV-XVI.$0(OLS)http://pul/subject/32127 730 0 $aAnnali dell'Istituto storico italo-germanico in Trento = Jahrbuch des Italienisch-Deutschen Historischen Instituts in Trient$g[Spogli].$0(OLS)http://pul/title/8676 773 0 $aJahrbuch des italienisch-deutschen historischen Instituts in Trient.$g18 (1992) 773 0 $aAnnali dell'Istituto storico italo.germanico in Trento.$g18 (1992) 773 0 $aIstituto storico italo-germanico.$tAnnali dell'Istituto storico italo-germanico in Trento = Jahrbuch des Italienisch-Deutschen Historischen Instituts in Trient$w()5918 996 $6020$a8815041508$9(OLS)http://pul/number/129619 996 $6245$aAstrologi consiglieri del principe a Wittenberg$9(OLS)http://pul/title/126935 996 $6260$aBologna :$bIl Mulino$9(OLS)http://pul/publisher/47928 LEADER 01147nam a2200265 u 4500 001 000000065858 003 CaOOAMICUS 005 20070226121518.0 008 011217s1993 it u000 u ita u 035 $a10914412 040 $aPUL(R)$bita 245 00$aBrentano in Italia :$buna filosofia regorosa, contro positivismo e attualismo /$ca cura di Liliana Albertazzi e Roberto Poli. 260 $aMilano :$bGuerini studio,$c1993. 300 $a340 p. ;$c23 cm 500 $aInclude indici. 504 $aNote bibliografiche. 600 14$aBrentano, Franz Clemens,$d1838-1917$xFilosofia.$0(OLS)http://pul/subject/24124 650 4$aFilosofia italiana.$0(OLS)http://pul/subject/7308 700 1 $aAlbertazzi, Liliana.$0(OLS)http://pul/name/30434 850 $aPUL 852 $aPUL$W1$xSL Filosofia 1$y2$m94 E 71$j85192$nBK-PRI$b $qStampati$B85192$CPULBib$Z2$F85192 $H $81 941 1 $a8 961 $aINV: 74139 996 $6245$aBrentano in Italia :$buna filosofia regorosa, contro positivismo e attualismo$9(OLS)http://pul/title/87533 996 $6260$aMilano :$bGuerini studio$9(OLS)http://pul/publisher/68430